Online
Catalog

Deixis, tiempo y espacio en damana : (Record no. 14052)

MARC details
000 -CABECERA
campo de control de longitud fija 01000cam a2200277 a 4500
001 - NÚMERO DE CONTROL
campo de control 000014463
005 - FECHA Y HORA DE LA ÚLTIMA TRANSACCIÓN
campo de control 20200929163844.0
008 - DATOS DE LONGITUD FIJA--INFORMACIÓN GENERAL
campo de control de longitud fija 951120s1995 ck a b 000 0 spa d
020 ## - NÚMERO INTERNACIONAL ESTÁNDAR DEL LIBRO
Número Internacional Estándar del Libro 9586122158
035 ## - NÚMERO DE CONTROL DEL SISTEMA
Número de control de sistema (DLC) 95224965
035 ## - NÚMERO DE CONTROL DEL SISTEMA
Número de control de sistema (OCoLC)33925506
035 ## - NÚMERO DE CONTROL DEL SISTEMA
Número de control cancelado/no válido BLC 199512
040 ## - FUENTE DE LA CATALOGACIÓN
Centro catalogador/agencia de origen DO-SdBNP
Lengua de catalogación spa
Centro/agencia transcriptor BNPHU
Centro/agencia modificador DLC
082 ## - NÚMERO DE LA CLASIFICACIÓN DECIMAL DEWEY
Número de clasificación 306.44089
Número de documento/Ítem T829d
049 ## - FONDOS LOCALES (OCLC)
Fondos de biblioteca BNGR
100 1# - ENTRADA PRINCIPAL--NOMBRE DE PERSONA
Nombre de persona Trillos Amaya, María.
9 (RLIN) 32659
245 10 - MENCIÓN DE TÍTULO
Título Deixis, tiempo y espacio en damana :
Resto del título el proceso y sus circunstancias en una lengua de la Sierra Nevada de Santa Marta /
Mención de responsabilidad, etc. María Trillos Amaya.
260 ## - PUBLICACIÓN, DISTRIBUCIÓN, ETC.
Lugar de publicación, distribución, etc. [Santafé de Bogotá] :
Nombre del editor, distribuidor, etc. Colcultura,
Fecha de publicación, distribución, etc. c1995.
300 ## - DESCRIPCIÓN FÍSICA
Extensión xviii, 138 p. :
Otras características físicas il. ;
Dimensiones 21 cm.
490 1# - MENCIÓN DE SERIE
Mención de serie Antropología/etnolinguística
586 ## - NOTA DE PREMIOS
Nota de premios Premios nacionales de cultura, 1994
504 ## - NOTA DE BIBLIOGRAFÍA, ETC.
Nota de bibliografía, etc. Incluye referencias bibliográficas: (p. [137]-138)
650 #0 - PUNTO DE ACCESO ADICIONAL DE MATERIA--TÉRMINO DE MATERIA
Término de materia o nombre geográfico como elemento de entrada Damana (lengua indigena)
9 (RLIN) 32660
830 #0 - PUNTO DE ACCESO ADICIONAL DE SERIE-TÍTULO UNIFORME
Título uniforme Antropología/etnolinguística
9 (RLIN) 32661
910 ## - DATOS DE OPCIÓN DEL USUARIO (OCLC)
Datos de opción del usuario Catalogación por copia / LC
Holdings
Estado de retiro Estado de pérdida Restricciones de uso No para préstamo Código de colección Localización permanente Ubicación/localización actual Ubicación en estantería Fecha de adquisición Número de inventario Total de préstamos Signatura topográfica completa Código de barras Fecha visto por última vez Precio válido a partir de Tipo de ítem Koha
      Excluido de préstamo Monografías: Libros y Folletos General General En catalogación 11.01.2010 LF1   306.44089 T829d 14463-10 25.06.2020 25.06.2020 No se presta

Powered by Koha